World Football Records - Statistiques

Statistiques générales
  • Ce quiz a été pris 23 fois
  • Le résultat moyen est 6 sur 10
Statistiques - réponses
Question Réponse % Correct
Who holds the record for the most goals scored in a single Premier League season (36 goals)? Erling Haaland
85%
Which striker famously scored 5 goals in just 9 minutes after coming on as a substitute? Robert Lewandowski
85%
Who is the all-time leading goalscorer in the history of the UEFA Champions League? Cristiano Ronaldo
75%
Who holds the record for the most goals scored in a single international match (13 goals)? Archie Thompson
50%
Which goalkeeper holds the record for the longest goal ever scored (91.9 meters)? Asmir Begović
45%
Who scored the fastest goal in professional football history (2.1 seconds)? Gavin Stokes
45%
Which striker holds the record for the most European Golden Shoe awards (6)? Lionel Messi
45%
Which player scored a header from a record distance of 58.13 meters? Jone Samuelsen
40%
Who received the fastest red card in World Cup history (56 seconds)? José Batista
40%
Which goalkeeper has scored the most goals in his career (131 goals)? Rogério Ceni
40%
Aucun quiz correspondant
Distribution des résultats
% des personnes avec chaque résultat
Percentile par nombre de réponses
Votre historique - résultats
Vous n’avez pas pris ce quiz